| 000 | 00349nam a22001337a 4500 | ||
|---|---|---|---|
| 005 | 20240705153453.0 | ||
| 008 | 240705b |||||||| |||| 00| 0 eng d | ||
| 020 | _a978-93-852656-30-1 | ||
| 041 | _aeng | ||
| 245 | _aVEDIC GANIT NIRDESHIKA [ BHAG-2] | ||
| 260 |
_aKURUKSHETRA _bVIDYA BHARTI SANSKRITI SHIKSHA SANSTHAN |
||
| 300 | _a89;p | ||
| 942 | _cBK | ||
| 999 |
_c8548 _d8546 |
||